Violencia de gňero en Espaą, Francia, Reino Unido e Italia. ¿Un concepto global?

Detalles Bibliográficos
Autor principal: Salvador Concepcin̤, Rosa
Formato: eBook
Lenguaje:español
Publicado: Madrid Dykinson 2015
Materias:
Acceso en línea:Acceso restringido

MARC

LEADER 00000nam a22000007a 4500
005 20150930095427.0
007 cr|||| ||
008 150930s2015 sp |||||s|||| 00||0 spa d
020 |a 978-84-9085-391-7 
035 |a 12874 
040 |a vLex 
090 |c 5564  |d 5564 
100 1 |a Salvador Concepcin̤, Rosa 
245 1 0 |a Violencia de gňero en Espaą, Francia, Reino Unido e Italia. ¿Un concepto global?  |h [Recurso electrn̤ico]  |c Rosa Salvador Concepcin̤  
256 |a Servicio en ln̕ea 
260 |a Madrid  |b Dykinson  |c 2015 
300 |a 1 recurso electrn̤ico 
500 |a Un estudio de los precedentes europeos e internacionales relacionados con la violencia de gňero. Se analiza el tratamiento legal que se realiza en Espaą, Francia, Reino Unido e Italia en esta materia y abordar as ̕la pregunta de si nos encontramos ante un concepto global de violencia de gňero. Se realiza tambiň un anl̀isis especial acerca del uso de la Mediacin̤ en el m̀bito penal y, ms̀ especf̕icamente, ante un supuesto de violencia de gňero. 
506 1 |a Producto solo disponible en los productos indicados  |d vLex Global  |d vLex Global (Academic Edition, excluding Law Schools)  |d vLex Global (U.S. Academic Edition, Law Schools)  |d vLex Global (U.S. Academic Edition, excluding Law Schools)  |d vLex Global (Academic Edition, Law Schools) 
650 0 4 |a Violencia (Derecho)  |z Espaą  |z Italia  |z Francia  |z Reino Unido 
740 0 |a vLex libros (Servicio en ln̕ea) 
856 4 0 |u http://vlex.com/source/violencia-de-genero-en-espa-a-francia-reino-unido-e-italia-un-concepto-global--12874  |z Acceso restringido 
942 |c BOOK 
999 0 |a Violence (Law)